| 000 | 00791nam a22002177a 4500 | ||
|---|---|---|---|
| 999 |
_c62302 _d62302 |
||
| 005 | 20240920151703.0 | ||
| 008 | 240920s2013 enk||||| |||| 00| 0 eng d | ||
| 020 | _a 9781489997203x | ||
| 041 | _aeng | ||
| 080 | _a616.07 T-44 | ||
| 100 |
_aGersen, Steven L. _910337 |
||
| 245 |
_aThe Principles of Clinical Cytogenetics / _cEditor Steven L. Gersen, Martha B. Keagle. |
||
| 250 | _a3rd edition | ||
| 264 |
_aLondon : _bSpringer, _c2013. |
||
| 300 |
_a570 p.; _b28 cm. |
||
| 653 | _aკლინიკური ციტოგენეტიკის პრინციპები | ||
| 653 | _aმედიცინა | ||
| 700 |
_aGersen, Steven L. _eრედაქტორი _910337 |
||
| 700 |
_aKeagle, Martha B. _eრედაქტორი _910338 |
||
| 942 |
_2udc _cBK |
||